Sevilla en los labios / (Registro nro. 132492)
[ vista simple ]
| 000 -LEADER | |
|---|---|
| campo de control de longitud fija | 00727nam a2200217 i 4500 |
| 001 - NÚMERO DE CONTROL | |
| campo de control | 132492 |
| 003 - IDENTIFICADOR DE NÚMERO DE CONTROL | |
| campo de control | ES-MaACL |
| 005 - FECHA Y HORA DE LA ÚLTIMA TRANSACCIÓN | |
| campo de control | 20251124170355.0 |
| 007 - CAMPO FIJO DE DESCRIPCIÓN FÍSICA--INFORMACIÓN GENERAL | |
| campo de control de longitud fija | t| |
| 008 - DATOS DE LONGITUD FIJA--INFORMACIÓN GENERAL | |
| campo de control de longitud fija | 070214s1943 sp r ||||1| spa d |
| 100 1# - ENTRADA PRINCIPAL--NOMBRE DE PERSONA | |
| Nombre de persona | Romero Murube, Joaquín, |
| Fechas asociadas al nombre | 1904-1969 |
| 9 (RLIN) | 99419 |
| 245 10 - MENCIÓN DEL TÍTULO | |
| Título | Sevilla en los labios / |
| Mención de responsabilidad, etc. | por J. Romero Murube ; ilustración de José Narro ; prólogo por E. Llosent y Marañón. |
| 250 ## - MENCION DE EDICION | |
| Mención de edición | 2ª ed. |
| 260 ## - PUBLICACIÓN, DISTRIBUCIÓN, ETC. | |
| Lugar de publicación, distribución, etc. | Barcelona : |
| Nombre del editor, distribuidor, etc. | Miracle, |
| Fecha de publicación, distribución, etc. | 1943. |
| 300 ## - DESCRIPCIÓN FÍSICA | |
| Extensión | 174 p., 12 lám. ; |
| Dimensiones | 22 cm. |
| 651 #4 - PUNTO DE ACCESO ADICIONAL DE MATERIA--NOMBRE GEOGRÁFICO | |
| Nombre geográfico | Sevilla- |
| Subdivisión general | Descripción. |
| 9 (RLIN) | 9383 |
| 700 1# - ENTRADA AGREGADA--NOMBRE PERSONAL | |
| Nombre de persona | Narro, José, |
| Fechas asociadas al nombre | 1902- |
| 9 (RLIN) | 84950 |
| 700 1# - ENTRADA AGREGADA--NOMBRE PERSONAL | |
| Nombre de persona | Llosent y Marañón, Eduardo. |
| 9 (RLIN) | 72933 |
| 852 ## - LOCALIZACIÓN | |
| Ubicación | ES-MaACL |
| Número de control de estantería | F-5546 |
| Sublocalización o colección | R.20367 |
| Estatus retirado | Estado de pérdida | Estado de daño | No para préstamo | Biblioteca de origen | Biblioteca actual | Ubicación en estantería | Fecha de adquisición | Fuente de adquisición | Total de préstamos | Signatura topográfica completa | Código de barras | Visto por última vez | Precio de reemplazo | Tipo de ítem Koha |
|---|---|---|---|---|---|---|---|---|---|---|---|---|---|---|
| Biblioteca del Ateneo de Madrid | Biblioteca del Ateneo de Madrid | Depósito 2 | 17/01/2008 | F-5546 | 1137939 | 23/02/2023 | 23/02/2023 | Libro impreso |
